Η γλώσσα C σε βάθος : πλήρης οδηγός εκμάθησης της γλώσσας C με εκτενή αναφορά στις δομές δεδομένων
Αποθηκεύτηκε σε:
| Κύριος συγγραφέας: | |
|---|---|
| Μορφή: | Βιβλίο |
| Γλώσσα: | Greek |
| Δημοσίευση: |
Αθήνα :
Κλειδάριθμος,
2009
|
| Έκδοση: | 3η έκδ., βελτ. |
| Θέματα: | |
| Ετικέτες: |
Προσθήκη ετικέτας
Δεν υπάρχουν, Καταχωρήστε ετικέτα πρώτοι!
|
MARC
| LEADER | 00000cam a2200000 i 4500 | ||
|---|---|---|---|
| 001 | 1/4933 | ||
| 008 | 100225s20092005 gre d | ||
| 020 | |a 978-960-461-208-6 | ||
| 035 | |l 10106987 | ||
| 040 | |a GR-MY-UA |b gre |e aacr | ||
| 041 | 0 | |a gre | |
| 082 | 0 | |a 005.133 |2 (22) | |
| 100 | 1 | |a Χατζηγιαννάκης, Νίκος Μ. | |
| 245 | 1 | 2 | |a Η γλώσσα C σε βάθος : |b πλήρης οδηγός εκμάθησης της γλώσσας C με εκτενή αναφορά στις δομές δεδομένων / |c Νίκος Μ. Χατζηγιαννάκης |
| 250 | |a 3η έκδ., βελτ. | ||
| 260 | |a Αθήνα : |b Κλειδάριθμος, |c 2009 | ||
| 300 | |a 540 σ.; |b εικ.,πίν.; |c 24 εκ.+ |e 1 οπτική δισκέτα λέϊζερ Η/Υ (4 3/4 ίν.) | ||
| 504 | |a Περιέχει βιβλιογραφικές παραπομπές και ευρετήριο | ||
| 650 | 0 | 0 | |a C (Computer program language) |
| 650 | 0 | 0 | |a Programming languages (Electronic computers) |
| 852 | |a INST |b CHIOS |e 20100225 |h 005.133 ΧΑΤ |p 005200029663 |q 005200029663 |t BK |y 0 | ||
| 852 | |a INST |b CHIOS |e 20100225 |h 005.133 ΧΑΤ |p 005200029666 |q 005200029666 |t BK |y 0 | ||
| 852 | |a INST |b CHIOS |e 20100226 |h 005.133 ΧΑΤ |p 005200029453 |q 005200029453 |t BK |y 0 | ||
| 852 | |a INST |b CHIOS |e 20100226 |h 005.133 ΧΑΤ |p 005200029454 |q 005200029454 |t BK |y 0 | ||
| 852 | |a INST |b LESVOS |e 20100607 |h 005.133 ΧΑΤ |p 005100047586 |q 005100047586 |t BK |y 0 | ||
| 852 | |a INST |b LESVOS |e 20110713 |h 005.133 ΧΑΤ |p 005100048704 |q 005100048704 |t BK |y 0 | ||
| 852 | |a INST |b LESVOS |e 20100607 |h 005.133 ΧΑΤ |p 005100047587 |q 005100047587 |t BK |y 0 | ||
| 852 | |a INST |b LESVOS |e 20110713 |h 005.133 ΧΑΤ |p 005100048700 |q 005100048700 |t BK |y 0 | ||
| 901 | |a BIBL2-2010-1 | ||
| 901 | |a BIBL1-2010-2 | ||
| 909 | |a Χ |b 147990 | ||
| 909 | |a Χ |b 148160 | ||
| 909 | |a Χ |b 148159 | ||
| 909 | |a Χ |b 147989 | ||
| 909 | |a Λ |b 164632 | ||
| 909 | |a Λ |b 164633 | ||
| 909 | |a Λ |b 169425 | ||
| 909 | |a Λ |b 169426 | ||
| 970 | |z 2010/02/25 |a 6bΣτέλλα | ||